MARC details
| 000 -LEADER |
| campo de control de longitud fija |
01577nam a22002895i 4500 |
| 001 - NÚMERO DE CONTROL |
| campo de control |
164811 |
| 003 - IDENTIFICADOR DE NÚMERO DE CONTROL |
| campo de control |
ES-MaACL |
| 005 - FECHA Y HORA DE LA ÚLTIMA TRANSACCIÓN |
| campo de control |
20250724063434.0 |
| 008 - DATOS DE LONGITUD FIJA--INFORMACIÓN GENERAL |
| campo de control de longitud fija |
960522s1779 sp |||| | spa d |
| 040 ## - FUENTE DE CATALOGACIÓN |
| Centro catalogador/agencia de origen |
CYL |
| Lengua de catalogación |
spa |
| Centro/agencia transcriptor |
CYL |
| 080 ## - NÚMERO DE LA CLASIFICACIÓN DECIMAL UNIVERSAL |
| Número de la Clasificación Decimal Universal |
821.134.2 Feijoo, Benito Jerónimo 1.07 |
| 100 0# - ENTRADA PRINCIPAL--NOMBRE DE PERSONA |
| Nombre de persona |
Martín Sarmiento, |
| Títulos y otros términos asociados al nombre |
Fray, |
| Fechas asociadas al nombre |
1695-1772 |
| Término indicativo de función/relación |
Autor |
| 9 (RLIN) |
166281 |
| 245 10 - MENCIÓN DEL TÍTULO |
| Título |
Demonstracion [sic] critico-apologetica del Theatro critico universal : |
| Resto del título |
que dio a luz ... Benito Geronymo Feijoo, Benedictino... / |
| Mención de responsabilidad, etc. |
hacela uno de los aprobantes ... Martin Sarmiento, Benedictino |
| 246 1# - FORMA VARIANTE DEL TITULO |
| Título propio/Titulo breve |
Demostración crítico-apologética del Teatro crítico universal |
| 250 ## - MENCION DE EDICION |
| Mención de edición |
Tercera impresión. |
| 260 ## - PUBLICACIÓN, DISTRIBUCIÓN, ETC. |
| Lugar de publicación, distribución, etc. |
En Madrid : |
| Nombre del editor, distribuidor, etc. |
En la Imprenta Real de la Gazeta : |
| -- |
A costa de la Compañia de impresores y libreros del reyno, |
| Fecha de publicación, distribución, etc. |
1779 |
| 300 ## - DESCRIPCIÓN FÍSICA |
| Extensión |
2 volúmenes ([40], 482 p. ; [2], 522 páginas) ; |
| Dimensiones |
4º. |
| 530 ## - NOTA DISPONIBLE DE FORMULARIO FÍSICO ADICIONAL |
| Nota de formato físico adicional disponible |
Disponible en formato digital |
| 597 ## - NOTA DE DESCRIPCIÓN FÍSICA |
| NOTA DE DESCRIPCIÓN FÍSICA |
Sign.: ¶4, ¶¶-¶¶¶8, A-Z8, 2A-2G8, 2H²-¹ ; A-Z8, 2A-2I8, 2K4, 2L². |
| 600 1# - PUNTO DE ACCESO ADICIONAL DE MATERIA--NOMBRE DE PERSONA |
| Nombre de persona |
Feijoo, Benito Jerónimo, |
| Fechas asociadas al nombre |
1676-1764. |
| Título de la obra |
Teatro crítico universal- |
| Subdivisión de forma |
Crítica e interpretación |
| 9 (RLIN) |
127028 |
| 600 1# - PUNTO DE ACCESO ADICIONAL DE MATERIA--NOMBRE DE PERSONA |
| Nombre de persona |
Feijoo, Benito Jerónimo, |
| Fechas asociadas al nombre |
1676-1764- |
| Subdivisión general |
Crítica e interpretación |
| 9 (RLIN) |
127030 |
| 852 ## - LOCALIZACIÓN |
| Ubicación |
ES-MaACL |
| Ubicación en estantería |
Depósito |
| Signatura antigua |
Olim: G-746-47 |
| Marcas de propiedad |
Ex-libris de Francisco Díaz de Ordóñez |
| Número de control de estantería |
R-831-32 |
| Encuadernación |
Pasta española |
| 856 ## - LOCALIZACIÓN Y ACCESO ELECTRÓNICOS |
| Identificador Uniforme de Recursos |
<a href="http://bdh-rd.bne.es/viewer.vm?id=0000045718&page=1 ">http://bdh-rd.bne.es/viewer.vm?id=0000045718&page=1 </a> |
| Texto de enlace |
Versión en línea |
| Nota pública |
(Biblioteca Digital Hispánica) |
| 942 ## - ELEMENTOS DE ENTRADA SECUNDARIOS (KOHA) |
| Fuente del sistema de clasificación o colocación |
Clasificación decimal universal |
| Tipo de ítem Koha |
Libro impreso antiguo |
| Suprimir en OPAC |
No |